[Event "Montreal CC-ch"]
[Site "Montreal CAN"]
[Date "2025.06.13"]
[Round "1.8"]
[White "Duret, Herve"]
[Black "Di Matteo, Alessio"]
[Result "0-1"]
[WhiteElo "1327"]
[BlackElo "1958"]
[WhiteFideId "-1"]
[WhiteFideId "-1"]
[PlyCount "112"]
[GameId "2190426689773625"]
[EventDate "2025.06.13"]
[EventType "swiss"]
[EventRounds "5"]
[EventCountry "CAN"]

1. d4 Nf6 2. c4 c5 3. Nf3 cxd4 4. Nxd4 e6 5. Nc3 Bb4 6. Bd2 O-O 7. g3 Nc6 8. Nxc6 bxc6 9. Bg2 d5 10. cxd5 cxd5 11. O-O Bd7 12. Nxd5 exd5 13. Bxb4 Re8 14. Re1 Bf5 15. Rc1 h5 16. Bc3 Rb8 17. Bxf6 Qxf6 18. b3 Rbd8 19. Qd2 h4 20. Rcd1 d4 21. Qb4 Re6 22. e3 hxg3 23. hxg3 Bc2 24. Rd2 d3 25. Bf1 Red6 26. Rc1 Qe5 27. Qc4 g6 28. Rcxc2 dxc2 29. Rxd6 Rxd6 30. Qxc2 Rf6 31. Qd2 Rd6 32. Qc2 a5 33. a4 Kg7 34. Qc7 Rd5 35. Qxe5+ Rxe5 36. Kg2 Kf6 37. Bc4 Ke7 38. Kf3 Kd6 39. Ke2 Re7 40. f4 Kc5 41. Kd3 Kb4 42. g4 f6 43. Bd5 Kc5 44. Bc4 Rh7 45. Ke4 Re7+ 46. Kd3 Kd6 47. Kd4 g5 48. f5 Rh7 49. Be2 Rh2 50. Bd3 Rg2 51. e4 Rxg4 52. Be2 Rg2 53. Ke3 Ke5 54. Kf3 Rh2 55. Bd1 Rd2 56. Be2 Rd4 0-1

[Event "Montreal CC-ch"]
[Site "Montreal CAN"]
[Date "2025.06.13"]
[Round "1.9"]
[White "Ali, Nehad"]
[Black "Berthiaume, Yves"]
[Result "1-0"]
[WhiteElo "1883"]
[BlackElo "1316"]
[WhiteFideId "-1"]
[WhiteFideId "-1"]
[PlyCount "75"]
[GameId "2190426689777722"]
[EventDate "2025.06.13"]
[EventType "swiss"]
[EventRounds "5"]
[EventCountry "CAN"]

1. c4 Nf6 2. d4 g6 3. Nc3 Bg7 4. e4 d6 5. f3 O-O 6. Be3 Nc6 7. Qd2 e5 8. d5 Ne7 9. Nge2 Nh5 10. g4 Nf6 11. Ng3 a6 12. Be2 Bd7 13. h4 b5 14. cxb5 axb5 15. Bxb5 Bxb5 16. Nxb5 Qb8 17. Nc3 Qc8 18. h5 Nxg4 19. fxg4 Qxg4 20. Nge2 f5 21. hxg6 Nxg6 22. Bh6 f4 23. O-O-O Rf7 24. Rdg1 Qd7 25. Bxg7 Rxg7 26. Qd3 Kf8 27. Kb1 Kg8 28. Qf3 Rf8 29. a3 Rf6 30. Ng3 Rf8 31. Nf5 Rxf5 32. exf5 Qxf5+ 33. Qe4 Qd7 34. b4 Qe8 35. Kb2 Qd7 36. b5 Qe8 37. a4 Qb8 38. Qf5 1-0

[Event "Montreal CC-ch"]
[Site "Montreal CAN"]
[Date "2025.06.13"]
[Round "1.10"]
[White "Chanot, Frederic"]
[Black "Porlier, Xavier"]
[Result "0-1"]
[WhiteElo "1306"]
[BlackElo "1875"]
[WhiteFideId "-1"]
[WhiteFideId "-1"]
[PlyCount "45"]
[GameId "2190426689634350"]
[EventDate "2025.06.13"]
[EventType "swiss"]
[EventRounds "5"]
[EventCountry "CAN"]

1. e4 c5 2. c3 d5 3. exd5 Qxd5 4. d4 Nf6 5. Nf3 Bg4 6. Nbd2 cxd4 7. Qa4+ Nc6 8. Nxd4 Bd7 9. N2f3 e5 10. Nb5 Rc8 11. Be3 a6 12. Na3 Nd4 13. Qd1 Nxf3+ 14. Qxf3 Bxa3 15. Qxd5 Nxd5 16. bxa3 Nxe3 17. fxe3 Rxc3 18. Ke2 Rxa3 19. Kf3 Be6 20. Be2 O-O 21. Rhc1 f5 22. Rc7 f4 23. Rxb7 0-1

[Event "Montreal CC-ch"]
[Site "Montreal CAN"]
[Date "2025.06.13"]
[Round "1.11"]
[White "Barko, Maxim"]
[Black "Miron, Gilles"]
[Result "1-0"]
[WhiteElo "1871"]
[BlackElo "1277"]
[WhiteFideId "-1"]
[WhiteFideId "-1"]
[PlyCount "71"]
[GameId "2190426689638447"]
[EventDate "2025.06.13"]
[EventType "swiss"]
[EventRounds "5"]
[EventCountry "CAN"]

1. e4 e6 2. d3 c6 3. Nf3 d5 4. Nbd2 Nd7 5. g3 e5 6. Bg2 Ngf6 7. Qe2 Bd6 8. O-O O-O 9. a4 b6 10. a5 b5 11. c3 Ba6 12. d4 Re8 13. dxe5 Nxe5 14. Nxe5 Bxe5 15. f4 Bc7 16. e5 Qc8 17. Qf3 Ng4 18. b4 Nh6 19. Nb3 Nf5 20. Nc5 Bd8 21. Bh3 g6 22. Qd3 Be7 23. Nxa6 Qxa6 24. Bxf5 gxf5 25. Qxf5 Qc8 26. Qh5 Qe6 27. Be3 Qg6 28. Qh3 Qd3 29. Bd4 Bxb4 30. Rad1 Qg6 31. cxb4 a6 32. f5 Qg7 33. Rf4 Kh8 34. Rg4 Qf8 35. Bc5 Re7 36. Qh4 1-0

[Event "Montreal CC-ch"]
[Site "Montreal CAN"]
[Date "2025.06.13"]
[Round "1.12"]
[White "Lecocq, Franck"]
[Black "Atmani, Amine"]
[Result "0-1"]
[WhiteElo "1223"]
[BlackElo "1842"]
[WhiteFideId "-1"]
[WhiteFideId "-1"]
[PlyCount "43"]
[GameId "2190426689642544"]
[EventDate "2025.06.13"]
[EventType "swiss"]
[EventRounds "5"]
[EventCountry "CAN"]

1. d4 Nf6 2. g4 Nxg4 3. e4 d6 4. h3 Nf6 5. Nc3 Nbd7 6. Nf3 e5 7. Ng5 exd4 8. Qxd4 h6 9. Nf3 g5 10. b3 Bg7 11. Qd2 Nxe4 12. Nxe4 Bxa1 13. c3 Qe7 14. Bd3 f5 15. Nd4 fxe4 16. Be2 Ne5 17. Bh5+ Kd8 18. a4 Rf8 19. Kd1 Nd3 20. Rh2 Qe5 21. f3 Bxc3 22. Qc2 0-1

[Event "Montreal CC-ch"]
[Site "Montreal CAN"]
[Date "2025.06.13"]
[Round "1.13"]
[White "Hartner, Rian"]
[Black "Amorim, Luis"]
[Result "1-0"]
[WhiteElo "1826"]
[BlackElo "1218"]
[WhiteFideId "-1"]
[WhiteFideId "-1"]
[PlyCount "81"]
[GameId "2190426689646641"]
[EventDate "2025.06.13"]
[EventType "swiss"]
[EventRounds "5"]
[EventCountry "CAN"]

1. e4 c5 2. Nf3 d6 3. d4 cxd4 4. Nxd4 Nf6 5. Nc3 g6 6. Be3 Bg7 7. f3 O-O 8. Qd2 Nc6 9. O-O-O d5 10. Nxc6 bxc6 11. g4 Bb7 12. e5 Nd7 13. f4 e6 14. Bg2 Ba6 15. Na4 Re8 16. h4 Bf8 17. Qf2 Rb8 18. Bxa7 Rb4 19. Rd4 Qa5 20. Rxb4 Bxb4 21. b3 c5 22. Kb1 Ra8 23. h5 Rxa7 24. hxg6 fxg6 25. Qh4 Nf8 26. f5 Bb5 27. fxe6 Qc7 28. Bxd5 Qxe5 29. Rd1 Nxe6 30. Qd8+ Kg7 31. Qb6 Rxa4 32. bxa4 Bxa4 33. Bxe6 Qc3 34. Qa7+ Kf6 35. Qf7+ Ke5 36. Rd5+ Ke4 37. Bf5+ Kf4 38. Bxg6+ Kxg4 39. Qf5+ Kh4 40. Qh5+ Kg3 41. Rd3+ 1-0

[Event "Montreal CC-ch"]
[Site "Montreal CAN"]
[Date "2025.06.13"]
[Round "1.14"]
[White "Wehbi, Adel"]
[Black "Cebria, Gabriel"]
[Result "0-1"]
[WhiteElo "1211"]
[BlackElo "1810"]
[WhiteFideId "-1"]
[WhiteFideId "-1"]
[PlyCount "72"]
[GameId "2190426689650738"]
[EventDate "2025.06.13"]
[EventType "swiss"]
[EventRounds "5"]
[EventCountry "CAN"]

1. e4 d6 2. d4 Nf6 3. Nd2 g6 4. f4 Bg7 5. Ngf3 O-O 6. Bd3 Nbd7 7. e5 dxe5 8. fxe5 Nd5 9. Ne4 c5 10. c3 cxd4 11. cxd4 Qb6 12. a3 Rd8 13. Bc4 Nf8 14. Qb3 Qxb3 15. Bxb3 Ne6 16. Bxd5 Rxd5 17. Nc3 Rd8 18. O-O Nxd4 19. Nxd4 Rxd4 20. Bg5 Bxe5 21. Bxe7 Rd2 22. Bf6 Bxf6 23. Rxf6 Bf5 24. Re1 Kg7 25. Rxf5 gxf5 26. Rf1 Re8 27. Rxf5 Re1+ 28. Rf1 Rxf1+ 29. Kxf1 Rxb2 30. Na4 Ra2 31. Nc5 b6 32. Ne4 Rxa3 33. Ke2 Ra2+ 34. Kf3 a5 35. Nf2 Rxf2+ 36. Kxf2 a4 0-1

[Event "Montreal CC-ch"]
[Site "Montreal CAN"]
[Date "2025.06.14"]
[Round "2.1"]
[White "Cebria, Gabriel"]
[Black "Zheng, Richard"]
[Result "0-1"]
[WhiteElo "1810"]
[BlackElo "2370"]
[WhiteFideId "-1"]
[WhiteFideId "-1"]
[PlyCount "84"]
[GameId "2190426689785915"]
[EventDate "2025.06.13"]
[EventType "swiss"]
[EventRounds "5"]
[EventCountry "CAN"]

1. e4 c6 2. d4 d5 3. e5 Bf5 4. h4 Qb6 5. Nf3 e6 6. Bd3 Bg4 7. Be2 c5 8. c3 Nc6 9. Qa4 Bxf3 10. Bxf3 cxd4 11. cxd4 Qxd4 12. Qxd4 Nxd4 13. Bd1 Ne7 14. g4 Nec6 15. Be3 Bc5 16. f4 Nc2+ 17. Bxc2 Bxe3 18. Rf1 Nb4 19. Ba4+ Ke7 20. a3 Nd3+ 21. Ke2 Nxb2 22. Kxe3 Nxa4 23. Rc1 Rac8 24. Nd2 Nb6 25. Kd4 f6 26. a4 fxe5+ 27. fxe5 Rxc1 28. Rxc1 Rc8 29. Rxc8 Nxc8 30. Nb3 b6 31. h5 Kd7 32. Ke3 Ne7 33. Kf4 Nc6 34. g5 Ke7 35. Nd2 a6 36. Nb3 b5 37. Nc5 Kf7 38. axb5 axb5 39. Nb3 b4 40. Nc5 Na5 41. Ke3 b3 42. Nd3 Nc4+ 0-1

[Event "Montreal CC-ch"]
[Site "Montreal CAN"]
[Date "2025.06.14"]
[Round "2.2"]
[White "Batorshyn, Ilia"]
[Black "Hartner, Rian"]
[Result "1-0"]
[WhiteElo "2337"]
[BlackElo "1826"]
[WhiteFideId "-1"]
[WhiteFideId "-1"]
[PlyCount "91"]
[GameId "2190426689810497"]
[EventDate "2025.06.13"]
[EventType "swiss"]
[EventRounds "5"]
[EventCountry "CAN"]

1. e4 c6 2. d4 d5 3. e5 c5 4. dxc5 e6 5. c3 Nc6 6. Nf3 Bxc5 7. Bd3 Nge7 8. O-O Ng6 9. Qe2 O-O 10. Bxg6 hxg6 11. h4 Be7 12. g3 Bd7 13. Kg2 a5 14. Rh1 Qb6 15. h5 Qa6 16. Qc2 Qc4 17. Nbd2 Qg4 18. h6 Qf5 19. Qd1 Rfd8 20. Nb3 a4 21. Nbd4 Qg4 22. Ng5 Qxg5 23. Bxg5 Bxg5 24. hxg7 Kxg7 25. Nf3 Be7 26. Qd2 Rh8 27. Rxh8 Rxh8 28. Rh1 Rxh1 29. Kxh1 Na5 30. Qf4 Nc4 31. b3 axb3 32. axb3 Na5 33. b4 Nc4 34. g4 Bc6 35. Kg1 Na3 36. Nd4 Bd7 37. g5 Nc4 38. Nf3 Na3 39. Nh2 Nb5 40. Qh4 Nxc3 41. Ng4 Ne4 42. Nf6 Nxf6 43. gxf6+ Bxf6 44. exf6+ Kg8 45. Qh6 d4 46. Qg7# 1-0

[Event "Montreal CC-ch"]
[Site "Montreal CAN"]
[Date "2025.06.14"]
[Round "2.3"]
[White "Jenzen, David"]
[Black "Genzling, Jerome"]
[Result "1/2-1/2"]
[WhiteElo "1709"]
[BlackElo "2145"]
[WhiteFideId "-1"]
[WhiteFideId "-1"]
[PlyCount "178"]
[GameId "2190426689810498"]
[EventDate "2025.06.13"]
[EventType "swiss"]
[EventRounds "5"]
[EventCountry "CAN"]

1. d4 d5 2. Nf3 Nf6 3. e3 Bf5 4. Bd3 Bxd3 5. Qxd3 Nbd7 6. O-O e6 7. b3 Bd6 8. Bb2 Ne4 9. c4 c6 10. Nbd2 Ndf6 11. Rac1 O-O 12. Ne5 Nxd2 13. Qxd2 Ne4 14. Qe2 f6 15. f3 Ng5 16. Nd3 Qc7 17. h4 Nf7 18. Bc3 a5 19. e4 Bh2+ 20. Kh1 Bg3 21. Be1 Rfe8 22. e5 Bxe1 23. Rfxe1 fxe5 24. Nxe5 Qe7 25. Qf2 Qf6 26. Re2 a4 27. Nd7 Qh6 28. Rce1 axb3 29. axb3 Re7 30. Nc5 Rae8 31. Nd3 Qf6 32. Ne5 Nd6 33. g3 Nf5 34. c5 Ra8 35. Kg2 Ra3 36. Rb2 g5 37. h5 Re8 38. Rd1 Rea8 39. Rd3 Nh6 40. g4 Nf7 41. Re3 Qf4 42. Ree2 Ra1 43. Qe3 Qxe3 44. Rxe3 Rd1 45. Rd3 Raa1 46. Rdd2 Nxe5 47. dxe5 Re1 48. Re2 Rxe2+ 49. Rxe2 Rb1 50. Re3 Rc1 51. f4 gxf4 52. Rf3 Rc2+ 53. Kf1 Rxc5 54. Rxf4 Rb5 55. b4 c5 56. bxc5 Rxc5 57. Rb4 b5 58. Kf2 Kg7 59. Kf3 Kh6 60. Rf4 Rc3+ 61. Ke2 Kg5 62. Rf6 Rc6 63. Rf7 Kxg4 64. Rxh7 Rb6 65. Kd3 b4 66. Kc2 Kf5 67. Rf7+ Kxe5 68. h6 Rc6+ 69. Kb3 Rc4 70. h7 Rh4 71. Rg7 Ke4 72. Rg4+ Rxg4 73. h8=Q e5 74. Kxb4 Rf4 75. Qg7 Kd3+ 76. Kc5 Ke4 77. Qg2+ Rf3 78. Qg4+ Rf4 79. Qe2+ Kf5 80. Kxd5 Rd4+ 81. Kc5 Kf4 82. Qe1 Kf5 83. Qe3 Kf6 84. Qh3 Kg5 85. Qf3 Kg6 86. Kc6 Kg5 87. Kc5 Kg6 88. Qf2 Kg5 89. Qf3 Kg6 1/2-1/2

[Event "Montreal CC-ch"]
[Site "Montreal CAN"]
[Date "2025.06.14"]
[Round "2.4"]
[White "Chapdelaine, Gwyn"]
[Black "Cossette, Richard"]
[Result "1/2-1/2"]
[WhiteElo "2116"]
[BlackElo "1760"]
[WhiteFideId "-1"]
[WhiteFideId "-1"]
[PlyCount "129"]
[GameId "2190426689818691"]
[EventDate "2025.06.13"]
[EventType "swiss"]
[EventRounds "5"]
[EventCountry "CAN"]

1. e4 d6 2. d4 e5 3. dxe5 dxe5 4. Qxd8+ Kxd8 5. Nf3 Bd6 6. Nbd2 Be6 7. Nc4 Nd7 8. Be3 Ngf6 9. Ng5 Ke7 10. Nxe6 fxe6 11. f3 a6 12. Nxd6 cxd6 13. Bd3 Rac8 14. O-O Nc5 15. Bxc5 Rxc5 16. c4 h5 17. b4 Rc7 18. h4 Rg8 19. Rfc1 g5 20. hxg5 Rxg5 21. a4 h4 22. Kf2 Nh5 23. c5 d5 24. b5 Nf4 25. Bf1 d4 26. c6 axb5 27. axb5 b6 28. Ra6 Rxg2+ 29. Bxg2 Nd3+ 30. Ke2 Nxc1+ 31. Kd1 Nd3 32. Rxb6 h3 33. Bxh3 Nf2+ 34. Ke2 Nxh3 35. Rb8 Kd6 36. b6 Rxc6 37. Rd8+ Ke7 38. b7 Rb6 39. b8=Q Rxb8 40. Rxb8 Ng5 41. Kf2 Nh3+ 42. Ke2 Ng5 43. f4 exf4 44. Kd3 f3 45. Rb7+ Kf8 46. Rb1 Kg7 47. Kxd4 Kg6 48. Rg1 Kf6 49. Ke3 f2 50. Rh1 Nh3 51. Ke2 Kg5 52. e5 Kg4 53. Rxh3 f1=Q+ 54. Kxf1 Kxh3 55. Kf2 Kg4 56. Ke3 Kf5 57. Kf3 Kxe5 58. Ke3 Kd5 59. Kd3 e5 60. Ke3 e4 61. Ke2 Kd4 62. Kd2 e3+ 63. Ke2 Ke4 64. Ke1 Kf3 65. Kf1 1/2-1/2

[Event "Montreal CC-ch"]
[Site "Montreal CAN"]
[Date "2025.06.14"]
[Round "2.5"]
[White "Graichi, Younes"]
[Black "Jacquet, Stephane"]
[Result "0-1"]
[WhiteElo "1644"]
[BlackElo "2065"]
[WhiteFideId "-1"]
[WhiteFideId "-1"]
[PlyCount "147"]
[GameId "2190426689822788"]
[EventDate "2025.06.13"]
[EventType "swiss"]
[EventRounds "5"]
[EventCountry "CAN"]

1. d4 d6 2. c4 g6 3. Nc3 Bg7 4. e4 Nf6 5. Be2 O-O 6. Be3 e5 7. d5 Na6 8. g4 Nc5 9. f3 h5 10. g5 Nh7 11. h4 f6 12. gxf6 Bxf6 13. Bf2 a5 14. b3 Bg7 15. Qd2 Rf4 16. Bg3 Nf8 17. Bxf4 exf4 18. Rd1 Bf6 19. Bf1 Bxh4+ 20. Ke2 Qg5 21. Nh3 Bxh3 22. Bxh3 Nfd7 23. Rdg1 Bg3 24. Nb5 Ne5 25. Nxc7 Rf8 26. Ne6 Nxe6 27. Bxe6+ Kg7 28. Qxa5 Qe7 29. Qc3 b6 30. a4 h4 31. b4 Ra8 32. Ra1 Qc7 33. Rhc1 Kh6 34. c5 bxc5 35. bxc5 Qa7 36. Rcb1 Qa6+ 37. Rb5 Rb8 38. Qb4 dxc5 39. Qxc5 Rxb5 40. Qxb5 Qa7 41. Kd1 Qd4+ 42. Kc2 Qxa1 43. d6 Nxf3 44. Qc4 Nd4+ 45. Kd3 Qd1+ 46. Kc3 Be1+ 47. Kb2 Qd2+ 48. Ka3 Qc3+ 49. Qxc3 Bxc3 50. Bd5 f3 51. e5 f2 52. Bg2 Nc6 53. d7 Nd8 54. Kb3 Bxe5 55. Kc4 Bc7 56. Kd3 Kg5 57. Ke3 Bb6+ 58. Kf3 Nc6 59. Bh3 Ne5+ 60. Ke2 Kf4 61. a5 Bxa5 62. Kxf2 g5 63. Be6 g4 64. Kg2 h3+ 65. Kh2 Nf3+ 66. Kh1 Ng5 67. Bd5 Ke5 68. Bc6 g3 69. Bb7 Kd6 70. Bf3 Kxd7 71. Bg4+ Ke7 72. Bxh3 Nxh3 73. Kg2 Be1 74. Kxh3 0-1

[Event "Montreal CC-ch"]
[Site "Montreal CAN"]
[Date "2025.06.14"]
[Round "2.6"]
[White "Ramesan, Raunak"]
[Black "Qi, Jason"]
[Result "1-0"]
[WhiteElo "2022"]
[BlackElo "1695"]
[WhiteFideId "-1"]
[WhiteFideId "-1"]
[PlyCount "85"]
[GameId "2190426689826885"]
[EventDate "2025.06.13"]
[EventType "swiss"]
[EventRounds "5"]
[EventCountry "CAN"]

1. e4 c5 2. Nf3 e6 3. d4 cxd4 4. Nxd4 Nc6 5. Nc3 Qc7 6. Be3 a6 7. g4 b5 8. Nxc6 dxc6 9. Qd2 Bb7 10. O-O-O Rd8 11. Bd3 Be7 12. f4 c5 13. Qf2 Nf6 14. Rhg1 b4 15. Na4 Qa5 16. b3 Rc8 17. e5 Nd5 18. Be4 c4 19. Bxd5 Bxd5 20. Kb2 Be4 21. Bb6 Qb5 22. Qd4 Bg6 23. Rg2 h5 24. h3 hxg4 25. hxg4 Rh3 26. Rf2 cxb3 27. axb3 Qc6 28. Rdd2 Be4 29. Rfe2 Bd5 30. Rh2 Rf3 31. Rh8+ Kd7 32. Rxc8 Kxc8 33. Ba5 Kb7 34. Bxb4 Bxb4 35. Qxb4+ Ka7 36. Qd4+ Kb8 37. Nc5 Qb5 38. c4 Rxb3+ 39. Nxb3 Bxc4 40. Qd6+ Kc8 41. Qd8+ Kb7 42. Rd7+ Kc6 43. Qc7# 1-0

[Event "Montreal CC-ch"]
[Site "Montreal CAN"]
[Date "2025.06.14"]
[Round "2.7"]
[White "Kolodner, Garry"]
[Black "Lima-Barbosa, Raphael"]
[Result "1/2-1/2"]
[WhiteElo "1613"]
[BlackElo "1999"]
[WhiteFideId "-1"]
[WhiteFideId "-1"]
[PlyCount "43"]
[GameId "2190426689826886"]
[EventDate "2025.06.13"]
[EventType "swiss"]
[EventRounds "5"]
[EventCountry "CAN"]

1. e4 c5 2. Nf3 d6 3. h3 Nc6 4. c3 Nf6 5. Bd3 g6 6. Bc2 Bg7 7. d3 O-O 8. Be3 Bd7 9. O-O Rb8 10. d4 cxd4 11. cxd4 Nb4 12. Nc3 Nxc2 13. Qxc2 Qa5 14. d5 Rfc8 15. a4 a6 16. Qb3 Qc7 17. Nd2 b6 18. Rfc1 Be8 19. Ne2 Qd8 20. Bd4 Nd7 21. Bxg7 Kxg7 22. Qd3 1/2-1/2

[Event "Montreal CC-ch"]
[Site "Montreal CAN"]
[Date "2025.06.14"]
[Round "2.8"]
[White "Di Matteo, Alessio"]
[Black "Kozlov, Guennadi"]
[Result "1-0"]
[WhiteElo "1958"]
[BlackElo "1638"]
[WhiteFideId "-1"]
[WhiteFideId "-1"]
[PlyCount "149"]
[GameId "2190426689826887"]
[EventDate "2025.06.13"]
[EventType "swiss"]
[EventRounds "5"]
[EventCountry "CAN"]

1. d4 d5 2. c4 c6 3. Nf3 e6 4. Nc3 dxc4 5. g3 Nd7 6. Bg2 Ngf6 7. O-O Be7 8. e4 O-O 9. a4 a5 10. e5 Nd5 11. Nd2 N7b6 12. Nde4 Nb4 13. Nc5 Qc7 14. Qg4 Rd8 15. Bh6 g6 16. Rad1 N6d5 17. N5e4 f5 18. exf6 Nxf6 19. Nxf6+ Bxf6 20. Ne4 Bg7 21. Bg5 Rf8 22. Qh4 Nd5 23. Nc3 Qb6 24. Ne4 Qxb2 25. Bh6 Qb4 26. Ng5 Bxh6 27. Qxh6 Qe7 28. Rfe1 Re8 29. Bh3 Nc7 30. Re4 Qg7 31. Qh4 h6 32. Nf3 b5 33. Ne5 Nd5 34. Rde1 Nf6 35. Ng4 Nxg4 36. Bxg4 b4 37. Bxe6+ Bxe6 38. Rxe6 Rxe6 39. Rxe6 Rf8 40. Qe4 Rf6 41. Re7 Rf7 42. Re6 Rf6 43. Re8+ Kh7 44. h4 h5 45. g4 hxg4 46. h5 Kh6 47. hxg6 Rxg6 48. Qf4+ Kh7 49. Rf8 Qh6 50. Rf7+ Rg7 51. Qe4+ Qg6 52. Rf5 Kh6 53. Qf4+ Kh7 54. Qe5 Kg8 55. Qb8+ Kh7 56. Qh2+ Kg8 57. Qf4 Qe8 58. Re5 Qf7 59. Qe4 Qd7 60. Re8+ Kf7 61. Re5 Kg8 62. Qf4 Qf7 63. Rf5 Qe7 64. Qb8+ Kh7 65. Qf4 Kg8 66. Kf1 c3 67. Qb8+ Kh7 68. Rf8 c2 69. Rh8+ Kg6 70. Qf4 Qg5 71. Qd6+ Kf5 72. Qe5+ Kg6 73. Qe6+ Qf6 74. Rh6+ Kxh6 75. Qxf6+ 1-0

[Event "Montreal CC-ch"]
[Site "Montreal CAN"]
[Date "2025.06.14"]
[Round "2.9"]
[White "Millette, Sylvain"]
[Black "Ali, Nehad"]
[Result "0-1"]
[WhiteElo "1547"]
[BlackElo "1883"]
[WhiteFideId "-1"]
[WhiteFideId "-1"]
[PlyCount "73"]
[GameId "2190426689835080"]
[EventDate "2025.06.13"]
[EventType "swiss"]
[EventRounds "5"]
[EventCountry "CAN"]

1. Nf3 d5 2. g3 Nf6 3. Bg2 e6 4. O-O Nbd7 5. d4 b6 6. Nbd2 Bb7 7. c3 Be7 8. c4 O-O 9. cxd5 exd5 10. Nb3 a5 11. Qc2 a4 12. Nbd2 Re8 13. e4 Nxe4 14. Nxe4 dxe4 15. Ne5 Nf6 16. Be3 Bd6 17. f4 exf3 18. Bxf3 Bxf3 19. Rxf3 Bxe5 20. dxe5 Rxe5 21. Rd1 Rd5 22. Rdf1 c5 23. Qc1 Rc8 24. Bh6 Rc6 25. Bg5 Rcd6 26. Bxf6 Rxf6 27. Rxf6 gxf6 28. Qh6 Rd1 29. Qh5 Qd4+ 30. Kg2 Rd2+ 31. Kh3 Qd7+ 32. Rf5 Kh8 33. Qf3 Rd3 34. Qe4 Rd2 35. Qg4 Rxb2 36. Qf3 Rd2 37. Kh4 0-1

[Event "Montreal CC-ch"]
[Site "Montreal CAN"]
[Date "2025.06.14"]
[Round "2.10"]
[White "Porlier, Xavier"]
[Black "Vignalou, Joseph"]
[Result "1-0"]
[WhiteElo "1875"]
[BlackElo "1554"]
[WhiteFideId "-1"]
[WhiteFideId "-1"]
[PlyCount "39"]
[GameId "2190426689790012"]
[EventDate "2025.06.13"]
[EventType "swiss"]
[EventRounds "5"]
[EventCountry "CAN"]

1. e4 c5 2. Nc3 Nc6 3. f4 e6 4. Nf3 d5 5. Bb5 dxe4 6. Bxc6+ bxc6 7. Nxe4 Nf6 8. Qe2 Nxe4 9. Qxe4 Qd5 10. Qe2 Be7 11. O-O a5 12. d3 O-O 13. Be3 Bf6 14. c4 Qf5 15. Rad1 Rd8 16. h3 h5 17. Ng5 Bd4 18. Bxd4 Rxd4 19. Qxh5 Rxf4 20. Rxf4 1-0

[Event "Montreal CC-ch"]
[Site "Montreal CAN"]
[Date "2025.06.14"]
[Round "2.11"]
[White "Gauthier, Luc"]
[Black "Barko, Maxim"]
[Result "0-1"]
[WhiteElo "1487"]
[BlackElo "1871"]
[WhiteFideId "-1"]
[WhiteFideId "-1"]
[PlyCount "60"]
[GameId "2190426689790013"]
[EventDate "2025.06.13"]
[EventType "swiss"]
[EventRounds "5"]
[EventCountry "CAN"]

1. e4 e6 2. d4 d5 3. e5 c5 4. c3 Nc6 5. Be3 Nge7 6. Nf3 Nf5 7. Bd3 Nxe3 8. fxe3 Qb6 9. Qd2 f6 10. O-O Bd7 11. Kh1 fxe5 12. Nxe5 Nxe5 13. dxe5 c4 14. Be2 Bc5 15. e4 Be3 16. Qc2 O-O-O 17. exd5 exd5 18. Na3 Be6 19. b3 Qc5 20. b4 Qc7 21. Bxc4 dxc4 22. Qe4 Bb6 23. Nb5 Qc6 24. Qxc6+ bxc6 25. Nd6+ Kc7 26. Nf7 Bxf7 27. Rxf7+ Rd7 28. Raf1 Re8 29. Rxd7+ Kxd7 30. Rf7+ Re7 0-1

[Event "Montreal CC-ch"]
[Site "Montreal CAN"]
[Date "2025.06.14"]
[Round "2.12"]
[White "Atmani, Amine"]
[Black "Cauchy-Vaillancourt, Marek"]
[Result "0-1"]
[WhiteElo "1842"]
[BlackElo "1544"]
[WhiteFideId "-1"]
[WhiteFideId "-1"]
[PlyCount "80"]
[GameId "2190426689798206"]
[EventDate "2025.06.13"]
[EventType "swiss"]
[EventRounds "5"]
[EventCountry "CAN"]

1. d4 d5 2. c4 e6 3. Nc3 Nf6 4. Nf3 Be7 5. e3 b6 6. cxd5 Nxd5 7. e4 Nxc3 8. bxc3 O-O 9. Bd3 c5 10. O-O Bb7 11. Bb2 c4 12. Bc2 b5 13. Ne5 Nd7 14. f4 a5 15. Qe2 f6 16. Ng4 Qc7 17. Ne3 Rfc8 18. Qg4 Ra6 19. Qh3 e5 20. Nf5 Bf8 21. Rf3 exf4 22. Bc1 g5 23. Qg4 Kh8 24. Rh3 Bg7 25. Ne7 Nf8 26. Nf5 Re8 27. Qh5 Bxe4 28. Qxe8 Bxc2 29. Nxg7 Kxg7 30. Ba3 Ng6 31. Re1 b4 32. cxb4 Qd6 33. b5 Qxd4+ 34. Kh1 Ra7 35. Qc6 Ne5 36. Qc8 Rf7 37. Bc5 Qd7 38. Qxd7 Rxd7 39. Rc3 Bd3 40. Ra3 Rd5 0-1

[Event "Montreal CC-ch"]
[Site "Montreal CAN"]
[Date "2025.06.14"]
[Round "2.13"]
[White "Tremblay, Alain"]
[Black "Roy-Patenaude, Arthur"]
[Result "1-0"]
[WhiteElo "2082"]
[BlackElo "1065"]
[WhiteFideId "-1"]
[WhiteFideId "-1"]
[PlyCount "97"]
[GameId "2190426689798207"]
[EventDate "2025.06.13"]
[EventType "swiss"]
[EventRounds "5"]
[EventCountry "CAN"]

1. c4 f5 2. Nf3 Nf6 3. g3 b6 4. Bg2 Bb7 5. Nc3 e6 6. d4 Bb4 7. Bd2 Bxc3 8. Bxc3 d6 9. O-O Nbd7 10. b4 Qe7 11. a4 Ne4 12. Bb2 c5 13. dxc5 dxc5 14. b5 O-O 15. Qc2 Ng5 16. Rad1 Rad8 17. Nxg5 Bxg2 18. Kxg2 Qxg5 19. f4 Qe7 20. Rf3 Nf6 21. Bxf6 Qxf6 22. Rfd3 g5 23. fxg5 Qxg5 24. Qd2 Qxd2 25. R1xd2 Rxd3 26. Rxd3 Kg7 27. a5 Kf6 28. axb6 axb6 29. Rd6 Rb8 30. Rd7 h5 31. Kf3 Rh8 32. Rd6 Rb8 33. Ke3 Ke5 34. Rc6 Rb7 35. Kd3 Rd7+ 36. Ke3 Rd4 37. Rxb6 Rxc4 38. Rb8 f4+ 39. gxf4+ Rxf4 40. b6 Re4+ 41. Kd3 Rd4+ 42. Kc3 Rd7 43. Kc4 Kd6 44. Kb5 c4 45. Rc8 Kd5 46. Rxc4 e5 47. e4+ Ke6 48. Ka6 Rd6 49. Ka7 1-0

[Event "Montreal CC-ch"]
[Site "Montreal CAN"]
[Date "2025.06.14"]
[Round "2.14"]
[White "Navarro, Pavel"]
[Black "Neumark-Gaudet, Zev"]
[Result "1-0"]
[WhiteElo "1991"]
[BlackElo "1608"]
[WhiteFideId "-1"]
[WhiteFideId "-1"]
[PlyCount "117"]
[GameId "2190426689806400"]
[EventDate "2025.06.13"]
[EventType "swiss"]
[EventRounds "5"]
[EventCountry "CAN"]

1. e4 d5 2. exd5 Qxd5 3. Nc3 Qa5 4. g3 Nf6 5. h3 c6 6. Bg2 Bf5 7. Nf3 e6 8. O-O Bd6 9. Nh4 Nbd7 10. Nxf5 Qxf5 11. d3 O-O 12. Ne4 Bc7 13. b4 Rfd8 14. Rb1 Qg6 15. Nc5 Rab8 16. Qe1 h5 17. h4 Re8 18. Bg5 Qf5 19. Be4 Qh3 20. Bg2 Qf5 21. Nxd7 Nxd7 22. Qe4 Qxe4 23. Bxe4 Ne5 24. Bf4 Rbc8 25. b5 Re7 26. bxc6 Nxc6 27. Rxb7 Bxf4 28. Bxc6 Rxb7 29. Bxb7 Rc7 30. gxf4 Rxb7 31. c4 Rb2 32. Rc1 Kf8 33. Kg2 Ke7 34. Kf3 Rxa2 35. Rb1 Ra3 36. Ke3 a5 37. Rb7+ Kf6 38. c5 Rc3 39. Kd4 Rc2 40. f3 a4 41. Ra7 a3 42. Rxa3 Kf5 43. Ra7 f6 44. Rxg7 Kxf4 45. Rh7 Kxf3 46. Rxh5 Kg4 47. Rh6 Kf5 48. h5 Kg5 49. Rg6+ Kf5 50. Rg7 Rh2 51. Rh7 Rc2 52. Rh8 e5+ 53. Kd5 Rd2 54. Kc4 Rc2+ 55. Kb5 Rd2 56. c6 Rxd3 57. c7 Rc3 58. c8=Q+ Rxc8 59. Rxc8 1-0

[Event "Montreal CC-ch"]
[Site "Montreal CAN"]
[Date "2025.06.14"]
[Round "3.1"]
[White "Zheng, Richard"]
[Black "Di Matteo, Alessio"]
[Result "1-0"]
[WhiteElo "2370"]
[BlackElo "1958"]
[WhiteFideId "-1"]
[WhiteFideId "-1"]
[PlyCount "75"]
[GameId "2190426689835081"]
[EventDate "2025.06.13"]
[EventType "swiss"]
[EventRounds "5"]
[EventCountry "CAN"]

1. Nf3 Nf6 2. b3 g6 3. Bb2 Bg7 4. g3 d6 5. d4 O-O 6. Bg2 Nbd7 7. O-O Re8 8. c4 e6 9. Nc3 Qe7 10. e4 a6 11. Qc2 Rb8 12. Rfe1 b6 13. h3 Bb7 14. e5 Nh5 15. Ne4 dxe5 16. Nxe5 Nhf6 17. Nxf6+ Nxf6 18. Nc6 Bxc6 19. Bxc6 Red8 20. Bf3 Qd6 21. Rad1 Qf8 22. Bc1 Ne8 23. d5 e5 24. Bb2 Qd6 25. Qe2 f6 26. h4 a5 27. h5 Qc5 28. hxg6 hxg6 29. Qc2 Kf7 30. g4 Nd6 31. Qc1 b5 32. cxb5 Qb6 33. a4 Rh8 34. Qc6 Qxc6 35. dxc6 Rhd8 36. Bc3 Ra8 37. b6 Ra6 38. bxc7 1-0